| 000 | 01676nam a2200493 a 4500 | ||
|---|---|---|---|
| 005 | 20240528121410.0 | ||
| 008 | 101001s1991||||sp il. f |||| 001 0 spa d | ||
| 020 | _a843110404X | ||
| 041 | _aspa | ||
| 092 |
_c611 _l75 _sROU |
||
| 100 | 1 |
_aRouviere, Henri _974 |
|
| 245 |
_aAnatomía Humana. Descriptiva, topográfica y funcional. _bT.2 Tronco / _cH. Rouviere. |
||
| 250 |
_a9a ed. en español revisada y aumentada _bTraducción E. Acosta Vidrio |
||
| 260 |
_aBarcelona: _bMasson; _c1991. |
||
| 300 | _a686 p. | ||
| 500 | _aRouviere, H. y Delmas, A. (1991). Anatomía Humana. Descriptiva, topográfica y funcional. T.2 Tronco. (9a ed.). Barcelona : Masson. | ||
| 590 | _aDonación, Mayo 2011 | ||
| 653 | _aAnatomía del tronco | ||
| 653 | _aEsqueleto del tronco | ||
| 653 | _aArticulaciones del tronco | ||
| 653 | _aMúsculos del tronco | ||
| 653 | _aMúsculos de la pared anterolateral del abdomen | ||
| 653 | _aAponeurosis del abdomen | ||
| 653 | _aAnatomía del corazón | ||
| 653 | _aArterias del tronco | ||
| 653 | _aVenas | ||
| 653 | _aLinfáticos del tronco | ||
| 653 | _aNervios del tronco | ||
| 653 | _aVísceras del tronco | ||
| 653 | _aAnatomía topográfica del tórax | ||
| 653 | _aAbdomen | ||
| 653 | _aAparato digestivo y peritoneo | ||
| 653 | _aAnatomía topográfica del abdomen | ||
| 653 | _aRegión lumbar y pelvis menor | ||
| 653 | _aÓrganos lumbares | ||
| 653 | _aAparato urinario | ||
| 653 | _aAparato genital del hombre | ||
| 653 | _aAparato genital de la mujer | ||
| 653 | _aPeriné | ||
| 653 | _aAnatomía topográfica del periné | ||
| 700 | 1 |
_aDelmas, André _975 |
|
| 930 | _a2306 | ||
| 942 |
_2ddc _cBK |
||
| 999 |
_c854 _d854 |
||